| 000 | 00540pab a2200181 454500 | ||
|---|---|---|---|
| 008 | 180718b2010 xxu||||| |||| 00| 0 eng d | ||
| 100 | _aSteiner, Susan | ||
| 245 | _aHow important is the capacity of local governments for improvements in welfare? Evidence from decentralised Uganda | ||
| 260 | _c2010 | ||
| 300 | _ap.644-61. | ||
| 362 | _aApr | ||
| 650 | _aDecentralization - Uganda | ||
| 650 | _aLocal government - Uganda | ||
| 650 | _aLocal government | ||
| 773 | _aJournal of Development Studies | ||
| 908 | _aN | ||
| 909 | _a86537 | ||
| 999 |
_c86537 _d86537 |
||